Podaj nazwy terytoriów francuskich - Scramble - Statystyki

Ogólne statystyki
  • Ten quiz został rozwiązany 5 razy
  • Średni wynik to 4 z 10
Statystyki odpowiedzi
Terytoria Francji: % Poprawnych
Gwadelupa
100%
Reunion
100%
Gujana Francuska
50%
Majotta
50%
Martynika
50%
Saint Barthélemy
50%
French Polynesia
0%
New Caledonia
0%
Saint Martin
0%
Saint Pierre and Miquelon
0%
Wallis and Futana
0%
Nie znaleziono quizów pasujących do podanych kryteriów
Rozkład punktacji
Procent ludzi z każdym wynikiem
Percentyl według liczby udzielonych odpowiedzi
Twoja historia wyników
Nie rozwiązałeś tego quizu